Практическая психология в преподавании сценической речи и художественного слова в театральном вузе. Ч. 1 (Запись № 13650775)

Подробности
000 -МАРКЕР
контрольное поле 01497nam2a2200253 4500
001 - ИДЕНТИФИКАТОР ЗАПИСИ
контрольное поле RU\NLR\BIBL_A\022771748
005 - ИДЕНТИФИКАТОР ВЕРСИИ
контрольное поле 20260420103759.0
010 ## - МЕЖДУНАРОДНЫЙ СТАНДАРТНЫЙ НОМЕР КНИГИ (ISBN)
Номер (ISBN) 978-5-9933-0625-4
Уточнения ч. 1
021 ## - НОМЕР ГОСУДАРСТВЕННОЙ РЕГИСТРАЦИИ
Код страны Российская Федерация
Номер КН-П-26-009151
Номер Листа государственной регистраци КН-П-26-0871
035 ## - ДРУГИЕ СИСТЕМНЫЕ НОМЕРА
Идентификатор записи (NLR Aleph) 022771748
100 ## - ДАННЫЕ ОБЩЕЙ ОБРАБОТКИ
Данные общей обработки 20260401d2025 u y0rusy50 ca
101 0# - ЯЗЫК РЕСУРСА
Язык текста, звукозаписи и т.д. русский
102 ## - СТРАНА ПУБЛИКАЦИИ ИЛИ ПРОИЗВОДСТВА
Страна публикации Российская Федерация
105 ## - ПОЛЕ КОДИРОВАННЫХ ДАННЫХ: ТЕКСТОВЫЕ МАТЕРИАЛЫ, МОНОГРАФИЧЕСКИЕ
Кодированные данные о монографическом текстовом документе a j 000yy
200 0# - ЗАГЛАВИЕ И СВЕДЕНИЯ ОБ ОТВЕТСТВЕННОСТИ
Основное заглавие Ч. 1
210 ## - ПУБЛИКАЦИЯ, РАСПРОСТРАНЕНИЕ И ДР.
Дата издания, распространения и т.д. 2025
215 ## - ФИЗИЧЕСКАЯ ХАРАКТЕРИСТИКА
Специфическое обозначение материала и объем 367 с.
Другие сведения о физической характеристике ил.
320 ## - ПРИМЕЧАНИЯ О НАЛИЧИИ В ДОКУМЕНТЕ БИБЛИОГРАФИИ / УКАЗАТЕЛЯ
Текст примечания Библиогр.: с. 329-367 и в сносках и коммент.: с. 306-328
461 #0 - УРОВЕНЬ НАБОРА
Встроенное поле 001RU\NLR\BIBL_A\022771742
-- 2001#$aПрактическая психология в преподавании сценической речи и художественного слова в театральном вузе$vЧ. 1
-- 700#1$aРадциг$bМ. Н.$gМаргарита Николаевна
Системный номер (АБИС) связанной записи 13693507
Автор Радциг, М. Н.
Место публикации Москва
Дата публикации 2025
Первые сведения об ответственности М. Н. Радциг
Имя издателя, распространителя и т.д. Граница
Сведения, относящиеся к заглавию учебно-методическое пособие : для студентов, аспирантов, стажёров и преподавателей театральных вузов : в 2-х частях
Заглавие Практическая психология в преподавании сценической речи и художественного слова в театральном вузе
ISBN 978-5-9933-0624-7
Номер тома Ч. 1
942 ## - ДОПОЛНИТЕЛЬНЫЕ ЭЛЕМЕНТЫ ЗАПИСИ (АБИС)
Тип экземпляра АБИС Книга
980 ## - КОЛЛЕКЦИЯ
Название коллекции Национальная библиография

Нет доступных экземпляров.